000 00233nam a2200097Ia 4500
008 230915s9999 xx 000 0 und d
050 _a QE28.2.P588 2008
100 _aCHARLES C.PLUMMER
245 0 _aPHYSICAL GEOLOGY
942 _cBK
999 _c191024
_d191024